De corazón y alma : (Record no. 188896)
[ view plain ]
| 000 -LEADER | |
|---|---|
| campo de control de longitud fija | 02512nam a2200337 i 4500 |
| 001 - NÚMERO DE CONTROL | |
| campo de control | 188896 |
| 003 - IDENTIFICADOR DE NÚMERO DE CONTROL | |
| campo de control | ES-MaACL |
| 005 - FECHA Y HORA DE LA ÚLTIMA TRANSACCIÓN | |
| campo de control | 20250408063100.0 |
| 008 - DATOS DE LONGITUD FIJA--INFORMACIÓN GENERAL | |
| campo de control de longitud fija | 190221s2017 sp |||| |dspa d |
| 020 ## - NÚMERO INTERNACIONAL ESTÁNDAR DEL LIBRO | |
| Número Internacional Estándar del Libro | 978-84-16950-44-7 |
| 040 ## - FUENTE DE CATALOGACIÓN | |
| Centro/agencia transcriptor | ES-MaACL |
| 080 ## - NÚMERO DE LA CLASIFICACIÓN DECIMAL UNIVERSAL | |
| Número de la Clasificación Decimal Universal | 929 Laforet, Camen |
| 080 ## - NÚMERO DE LA CLASIFICACIÓN DECIMAL UNIVERSAL | |
| Número de la Clasificación Decimal Universal | 929 Fortún, Elena |
| 100 1# - ENTRADA PRINCIPAL--NOMBRE DE PERSONA | |
| Nombre de persona | Laforet, Carmen, |
| Fechas asociadas al nombre | 1921-2004 |
| 9 (RLIN) | 69515 |
| Término indicativo de función/relación | Autor |
| 245 10 - MENCIÓN DEL TÍTULO | |
| Título | De corazón y alma : |
| Resto del título | (1947-1952) / |
| Mención de responsabilidad, etc. | Carmen Laforet y Elena Fortún ; prólogos de Cristina Cerezales Laforet, Silvia Cerezales Laforet y Nuria Capdevila-Argüelles ; selección de Cristina Cerezales Laforet. |
| 260 ## - PUBLICACIÓN, DISTRIBUCIÓN, ETC. | |
| Lugar de publicación, distribución, etc. | [Madrid] : |
| Nombre del editor, distribuidor, etc. | Fundación Banco Santander, |
| Fecha de publicación, distribución, etc. | [2017]. |
| 300 ## - DESCRIPCIÓN FÍSICA | |
| Extensión | 137 p. ; |
| Dimensiones | 24 cm. |
| 490 1# - MENCIÓN DE SERIE | |
| Mención de serie | Cuadernos de obra fundamental |
| 520 ## - RESUMEN, ETC. | |
| Sumario, etc. | En "De corazón y alma" nos damos de bruces con dos escritoras de excepción, dos mujeres que entregan hasta el tuétano del espíritu en sus palabras, dos pioneras cada una en su generación, defensoras de la libertad del individuo para ser y sentir; la una, Elena, a las puertas de la muerte batiéndose con el sufrimiento, y la otra, Carmen, en el fulgor de su carrera literaria, apremiada por el éxito y la necesidad de recogimiento interior. Estamos ante un libro revelador como pocos, trenzado de cartas que rebosan hondura y verdad por sus cuatro costados, y que nos llevan como el viento a las hojas de la vida a la muerte, de la duda a la certeza, de la alegría a la tristeza, y de la literatura a la vida. "Verdaderamente la quiero y me quedo asombrada de ello. Su divina humildad diciendo (¡usted que es en estos momentos la primera escritora española!) que aprendió a escribir de mí... me conmueve hasta los huesos." Elena Fortún da comienzo así en 1947 a este epistolario con la joven escritora Carmen Laforet, reciente ganadora del Premio Nadal, que muestra su admiración amorosa y devota a la creadora de Celia que tanto le había inspirado. |
| 600 14 - PUNTO DE ACCESO ADICIONAL DE MATERIA--NOMBRE DE PERSONA | |
| Nombre de persona | Laforet, Carmen, |
| Fechas asociadas al nombre | 1921-2004- |
| Subdivisión de forma | Correspondencia |
| 9 (RLIN) | 69516 |
| 600 17 - PUNTO DE ACCESO ADICIONAL DE MATERIA--NOMBRE DE PERSONA | |
| Nombre de persona | Fortún, Elena, |
| Fechas asociadas al nombre | 1886-1952- |
| Subdivisión de forma | Correspondencia |
| 9 (RLIN) | 166427 |
| 700 1# - ENTRADA AGREGADA--NOMBRE PERSONAL | |
| Nombre de persona | Fortún, Elena, |
| Fechas asociadas al nombre | 1886-1952 |
| 9 (RLIN) | 166428 |
| Término indicativo de función/relación | Autor |
| 700 0# - ENTRADA AGREGADA--NOMBRE PERSONAL | |
| Nombre de persona | Cerezales Laforet, Cristina |
| 9 (RLIN) | 37492 |
| Término indicativo de función/relación | Editor literario |
| 710 2# - ENTRADA AGREGADA--NOMBRE DE ENTIDAD CORPORATIVA | |
| Nombre de entidad corporativa o nombre de jurisdicción como elemento de entrada | Fundación Banco Santander. |
| 9 (RLIN) | 147458 |
| 830 0# - PUNTO DE ACCESO ADICIONAL DE SERIE-TÍTULO UNIFORME | |
| Título uniforme | Cuadernos de obra fundamental |
| 9 (RLIN) | 192594 |
| 852 ## - LOCALIZACIÓN | |
| Ubicación | ES-MaACL |
| Número de control de estantería | A-14389 |
| itemnumber | 196030 |
| Sublocalización o colección | R.151718 |
| Ubicación en estantería | Depósito 1 |
| Signatura antigua | Olim: N-7389 |
| 942 ## - ELEMENTOS DE ENTRADA SECUNDARIOS (KOHA) | |
| Tipo de ítem Koha | Libro impreso |
| Suprimir en OPAC | No |
| Estatus retirado | Estado de pérdida | Fuente del sistema de clasificación o colocación | Estado de daño | No para préstamo | Biblioteca de origen | Biblioteca actual | Ubicación en estantería | Fecha de adquisición | Fuente de adquisición | Total de préstamos | Signatura topográfica completa | Código de barras | Visto por última vez | Precio de reemplazo | Tipo de ítem Koha |
|---|---|---|---|---|---|---|---|---|---|---|---|---|---|---|---|
| Clasificación decimal universal | Biblioteca del Ateneo de Madrid | Biblioteca del Ateneo de Madrid | Depósito 1 | 21/02/2019 | Donación | A-14389 | 1200033 | 23/02/2023 | 23/02/2023 | Libro impreso |
